000 00279nam a22001217a 4500
003 SGT
082 _a616.0757
_bC08C
100 _aCHOCKALINAGAM, V
245 _aCARDIC RADIOLOGY SERIES CARDIAC X-RAY
260 _aINDIA
_b ELSEVIER PUB
_c2008
300 _a172
942 _2ddc
_cBK
999 _c14908
_d14908